II Encuentro internacional de justicia constitucional con perspectiva de género / (Registro nro. 14797)

Detalles MARC
000 -LIDER
fixed length control field 01669nam a2200361 a 4500
001 - NÚMERO DE CONTROL
Identificador de número de control 000048050
003 - IDENTIFICACDOR DE NÚMERO DE CONTROL
control field DO-SdBNP
005 - DATE AND TIME OF LATEST TRANSACTION
control field 20260129080243.0
008 - ELEMENTOS DE LONGITUD FIJA
fixed length control field 181112s2017 dr ac 000 0 spa d
020 ## - ISBN
International Standard Book Number 9789945905250
040 ## - FUENTE DE CATALOGACIÓN
Agencia que crea de manera original el registro DO-SdBNP
Idioma de catalogación spa
Agencia que realiza la transcripción BPMSU
082 #4 - NÚMERO DE CLASIFICACIÓN DECIMAL DE DEWEY
Classification number 305.4098
Item number E56i 2017
Edition number 22
111 2# - ASIENTO PRINCIPAL--NOMBRE DE REUNIÓN O CONFERENCIA
Nombre de reunión o jurisdicción como elemento de entrada Encuentro Iberoamericano de Justicia Constitucional con Perspectiva de Género
Número de la parte, sección o reunión (2 :
Fecha de la reunión 2017 : mar. 18-20 :
Lugar de la reunión Santo Domingo)
245 10 - MENCIÓN DE TITULO
Título II Encuentro internacional de justicia constitucional con perspectiva de género /
Mención de responsabilidad presentación Milton Ray Guevara ; coordinadora Leyda Margarita Piña Medrano ; edición Leonor Tejada.
246 13 - VARIACION DEL TÍTULO
Título propiamente dicho o título corto Segundo Encuentro internacional justicia constitucional con perspectiva de género
260 ## - PUBLICACIÓN, DISTRIBUCIÓN, ETC. (PIE DE IMPRENTA)
Lugar de publicación, distribución, etc Santo Domingo :
Nombre del editor, distribuidor, etc. Tribunal Constitucional de la República Dominicana,
Fecha de publicación, distribución, etc 2017.
300 ## - DESCRIPCIÓN FÍSICA
Extensión 321 p. :
Otros detalles físicos il. ;
Dimensiones 25 cm.
500 ## - NOTA GENERAL
Nota general Incluye referencias bibliográficas y notas al pie de las páginas
518 ## - DATE/TIME AND PLACE OF AN EVENT NOTE
Date/time and place of an event note
590 ## - NOTA LOCAL
Texto de la nota local Inventariado, 2024/VM
650 #4 - ENCABEZAMIENTO DE MATERIA--TEMÁTICO
Término temático o nombre geográfico como elemento de entrada Mujeres y derecho
Subdivisión de forma Ensayos, conferencias, etc..
Término de relación
650 #4 - ENCABEZAMIENTO DE MATERIA--TEMÁTICO
Término temático o nombre geográfico como elemento de entrada Derecho de familia
Subdivisión de forma Ensayos, conferencias, etc.
650 #4 - ENCABEZAMIENTO DE MATERIA--TEMÁTICO
Término temático o nombre geográfico como elemento de entrada Descriminación sexual contra la mujer
Subdivisión de forma Ensayos, conferencias, etc
650 #4 - ENCABEZAMIENTO DE MATERIA--TEMÁTICO
Término temático o nombre geográfico como elemento de entrada Mujeres víctimas de la violencia
Subdivisión temática general Legislación
650 #4 - ENCABEZAMIENTO DE MATERIA--TEMÁTICO
Término temático o nombre geográfico como elemento de entrada Mujeres
Subdivisión temática general Condiciones sociales
Subdivisión geográfica América Latina
700 1# - ASIENTO SECUNDARIO -- NOMBRE PERSONAL
Nombre personal Piña Medrano, Leyda Margarita
Mención de responsabilidad coordinadora
700 1# - ASIENTO SECUNDARIO -- NOMBRE PERSONAL
Nombre personal Milton Ray Guevara
Fechas asociadas con el nombre 1948-
Mención de responsabilidad presentación
700 1# - ASIENTO SECUNDARIO -- NOMBRE PERSONAL
Nombre personal Tejada, Leonor,
Mención de responsabilidad edición
700 z# - ASIENTO SECUNDARIO -- NOMBRE PERSONAL
Nombre personal Ray Guevara, Milton
Fechas asociadas con el nombre 1948-
700 z# - ASIENTO SECUNDARIO -- NOMBRE PERSONAL
Nombre personal Guevara, Milton L. Ray,‏
Fechas asociadas con el nombre 1948-
910 ## - VALIDACIÓN
Validación VMateo V. Control de calidad. BPMSU
942 ## - ADDED ENTRY ELEMENTS (KOHA)
Source of classification or shelving scheme Dewey Decimal Classification
Koha item type Libros
Existencias
Withdrawn status Lost status Source of classification or shelving scheme Damaged status Not for loan Collection code Home library Current library Date acquired Total Checkouts Full call number Barcode Date last seen Price effective from Koha item type Copy number
    Dewey Decimal Classification     Colección Dominicana Biblioteca Pública Metropolitana Salomé Ureña Biblioteca Pública Metropolitana Salomé Ureña 09/03/2024   BPMSU CD 305.4098 E56i 2017 BPMSU24090005 09/03/2024 09/03/2024 Libros  
    Dewey Decimal Classification     Colección Dominicana Biblioteca Pública Metropolitana Salomé Ureña Biblioteca Pública Metropolitana Salomé Ureña 09/03/2024   BPMSU CD 305.4098 E56i 2017 BPMSU26010073 01/29/2026 09/03/2024 Libros e.2